Представление документа в формате MARC21

Поле Инд. ПП Название Значение
Тип записи a
Библиографический уровень b
001 Контрольный номер RU/IS/BASE/194285712
005 Дата корректировки 20220715140351.7
008 Кодируемые данные 20060226
084 a Индекс другой классификации/Индекс ББК 60.52; 60.027.1; 66.01; 60.000.1; 67.021; 66.033.1
100 1_ a Автор Бляхман Б. Я.
q Полное имя Бляхман Борис Яковлевич
245 a Заглавие Гражданское общество: теоретическая конструкция или практическая реальность?
504 a Библиография Библиогр. ссылки. - Примеч.
520 a Аннотация В статье рассматриваются различные концепции гражданского общества: философская, экономическая, социологическая, политическая
650 a Основная рубрика политика
a Основная рубрика политическая философия (философия политики)
a Основная рубрика политология
a Основная рубрика право
a Основная рубрика социальная философия
a Основная рубрика социология
a Основная рубрика теория права
a Основная рубрика философия
653 a Ключевые слова гражданское общество
a Ключевые слова правоведение
773 t Заглавие источника Вестник Московского университета. Серия 18, Социология и политология
d Дата издания источника 2005
g Прочая информация № 4. - С. 32 - 49
w Контрольный № источника RU/IS/BASE/193325762
901 t Тип документа b